| 000 | 00546nam a2200157Ia 4500 | ||
|---|---|---|---|
| 008 | 210716s2016 xx 000 0 und d | ||
| 020 | _a9789352134663 | ||
| 041 | _aeng | ||
| 082 | _a006.671 NURT | ||
| 100 | _aNurkiewicz, Tomasz; Christensen, Ben. | ||
| 245 |
_aReactive programming with rxjava: creating asynchronous event based applications. _bCreating asynchronous event based applications. |
||
| 250 | _a1 | ||
| 260 |
_aNew Delhi _bShroff Publications and Distributers Pvt Ltd _c2016 |
||
| 300 | _axxiii,345 | ||
| 650 | _aJava Programming | ||
| 999 |
_c195850 _d195850 |
||